Geografia na literę E - Statystyki

Ogólne statystyki
  • Ten quiz został rozwiązany 123 razy
  • Średni wynik to 14 z 20
Statystyki odpowiedzi
Wskazówka Odpowiedź % Poprawnych
Najwyższa góra na świecie Mount {Everest}
100%
Państwo Kleopatry Egipt
97%
Najczęściej używana waluta w UE Euro
97%
Bałtyckie państwo Estonia
96%
Najbardziej znany obiekt w Paryżu Wieża {Eiffla}
92%
Sycylijski wulkan Etna
90%
Morze leżące między Grecją a Turcją Morze {Egejskie}
89%
Jedno z australijskich zwierząt narodowych Emu
88%
Rzeka płynąca niedaleko Tygrysa Eufrat
86%
Polskie miasto znane głównie z zamku krzyżackiego Elbląg
85%
Hiszpańska nazwa dla Hiszpanii España
83%
Stolica Armenii Erywań
76%
Kraj, do którego należą wyspy Galapagos Ekwador
75%
Góra niekiedy uważana za najwyższą w Europie Elbrus
60%
Irlandzka nazwa dla Irlandii Éire
44%
Najdłuższa rzeka Hiszpanii Ebro
32%
Trzecia największa wyspa Włoch Elba
32%
Stolica Alberty Edmonton
28%
Państwowa linia lotnicza Izraelu El Al
8%
Trzecia największa wyspa Kanady, położona jest na Archipelagu Arktycznym Wyspa {Ellesmere'a}
6%
Nie znaleziono quizów pasujących do podanych kryteriów
Rozkład punktacji
Procent ludzi z każdym wynikiem
Percentyl według liczby udzielonych odpowiedzi
Twoja historia wyników
Nie rozwiązałeś tego quizu